[Event "Is Bankasi Online Satranc Turn.13-14 Yas"]
[Site "T#645826Mustafa Kemal"]
[Date "2020.05.08"]
[Round "3"]
[White "Taylanruzgarin00"]
[Black "Ruzgarbulutaks56"]
[Result "1-0"]
[WhiteElo "1620"]
[BlackElo "1676"]
[Annotator "NA RC"]
[PlyCount "131"]
[EventDate "2020.05.08"]
[EventType "swiss (blitz)"]

1. e4 {[%emt 0:00:02]} c5 {[%emt 0:00:01]} 2. Nf3 {[%emt 0:00:02]} d6 {[%emt 0:00:01]} 3. Bb5+ {[%emt 0:00:02]} Nc6 {[%emt 0:00:02]} 4. c3 {[%emt 0:00:13]} Bd7 {[%emt 0:00:03]} 5. O-O {[%emt 0:00:03]} Nf6 {[%emt 0:00:02]} 6. Re1 {[%emt 0:00:02]} g6 {[%emt 0:00:06]} 7. d4 {[%emt 0:00:02]} cxd4 {[%emt 0:00:02]} 8. cxd4 {[%emt 0:00:00]} Bg7 {[%emt 0:00:01]} 9. Nc3 {[%emt 0:00:01]} O-O {[%emt 0:00:03]} 10. h3 {[%emt 0:00:03]} a6 {[%emt 0:00:01]} 11. Bf1 {[%emt 0:00:03]} Rc8 {[%emt 0:00:03]} 12. Bf4 {[%emt 0:00:36]} b5 {[%emt 0:00:20]} 13. e5 {[%emt 0:00:21]} dxe5 {[%emt 0:00:03]} 14. dxe5 {[%emt 0:00:01]} Nh5 {[%emt 0:00:03]} 15. Bh2 {[%emt 0:00:01]} Bh8 {[%emt 0:00:26]} 16. Qd2 {[%emt 0:00:22]} Be6 {[%emt 0:00:13]} 17. Rad1 {[%emt 0:00:03]} Qb6 {[%emt 0:00:09]} 18. g4 {[%emt 0:00:38]} Ng7 {[%emt 0:00:04]} 19. Qh6 {[%emt 0:00:06]} f6 {[%emt 0:00:09]} 20. Ne4 {[%emt 0:00:18]} Ne8 {[%emt 0:01:00]} 21. Qe3 {[%emt 0:00:29]} Qxe3 {[%emt 0:00:04]} 22. Rxe3 {[%emt 0:00:00]} fxe5 {[%emt 0:00:04]} 23. Neg5 {[%emt 0:00:02]} Bc4 {[%emt 0:00:06]} 24. Nxe5 {[%emt 0:00:02]} Nxe5 {[%emt 0:00:03]} 25. Bxe5 {[%emt 0:00:01]} Nf6 {[%emt 0:00:04]} 26. Rd2 {[%emt 0:00:03]} Bxf1 {[%emt 0:00:03]} 27. Kxf1 {[%emt 0:00:00]} Rfe8 {[%emt 0:00:05]} 28. Ne6 {[%emt 0:00:02]} Rc6 {[%emt 0:00:04]} 29. Nd4 {[%emt 0:00:01]} Rc1+ {[%emt 0:00:05]} 30. Ke2 {[%emt 0:00:01]} Nd5 {[%emt 0:00:05]} 31. Re4 {[%emt 0:00:05]} Bxe5 {[%emt 0:00:03]} 32. Rxe5 {[%emt 0:00:00]} Nf4+ {[%emt 0:00:02]} 33. Ke3 {[%emt 0:00:01]} Nxh3 {[%emt 0:00:02]} 34. f4 {[%emt 0:00:07]} Re1+ {[%emt 0:00:03]} 35. Re2 {[%emt 0:00:02]} Rxe2+ {[%emt 0:00:02]} 36. Nxe2 {[%emt 0:00:00]} Kg7 {[%emt 0:00:03]} 37. Kf3 {[%emt 0:00:02]} Rd8 {[%emt 0:00:08]} 38. Rxe7+ {[%emt 0:00:03]} Kf6 {[%emt 0:00:02]} 39. Re3 {[%emt 0:00:02]} Rd2 {[%emt 0:00:09]} 40. Kg3 {[%emt 0:00:04]} Rxb2 {[%emt 0:00:06]} 41. a3 {[%emt 0:00:03]} Ra2 {[%emt 0:00:01]} 42. Kxh3 {[%emt 0:00:02]} Rb2 {[%emt 0:00:01]} 43. Kg3 {[%emt 0:00:01]} Rc2 {[%emt 0:00:01]} 44. g5+ {[%emt 0:00:01]} Kf7 {[%emt 0:00:02]} 45. Nd4 {[%emt 0:00:01]} Rc4 {[%emt 0:00:01]} 46. Nf3 {[%emt 0:00:01]} Ra4 {[%emt 0:00:01]} 47. Ne5+ {[%emt 0:00:01]} Kg7 {[%emt 0:00:01]} 48. Rc3 {[%emt 0:00:01]} Kg8 {[%emt 0:00:05]} 49. Kf3 {[%emt 0:00:01]} Kg7 {[%emt 0:00:01]} 50. Ng4 {[%emt 0:00:01]} Rd4 {[%emt 0:00:03]} 51. Nf6 {[%emt 0:00:01]} Ra4 {[%emt 0:00:03]} 52. Ke3 {[%emt 0:00:02]} a5 {[%emt 0:00:04]} 53. Kf3 {[%emt 0:00:04]} b4 {[%emt 0:00:01]} 54. axb4 {[%emt 0:00:01]} axb4 {[%emt 0:00:01]} 55. Rc7+ {[%emt 0:00:01]} Kf8 {[%emt 0:00:03]} 56. Rxh7 {[%emt 0:00:01]} b3 {[%emt 0:00:02]} 57. Rb7 {[%emt 0:00:01]} Ra3 {[%emt 0:00:01]} 58. Kg4 {[%emt 0:00:01]} Ra1 {[%emt 0:00:05]} 59. Rxb3 {[%emt 0:00:03]} Rg1+ {[%emt 0:00:01]} 60. Kf3 {[%emt 0:00:01]} Rf1+ {[%emt 0:00:02]} 61. Ke4 {[%emt 0:00:01]} Re1+ {[%emt 0:00:01]} 62. Re3 {[%emt 0:00:01]} Rd1 {[%emt 0:00:01]} 63. f5 {[%emt 0:00:01]} gxf5+ {[%emt 0:00:02]} 64. Kxf5 {[%emt 0:00:00]} Rf1+ {[%emt 0:00:01]} 65. Kg6 {[%emt 0:00:02]} Rc1 {[%emt 0:00:05]} 66. Re8# {[%emt 0:00:02] (Lag: Av=0.82s, max=1.5s)} 1-0

[Event "Is Bankasi Online Satranc Turn.13-14 Yas"]
[Site "T#645826Mustafa Kemal"]
[Date "2020.05.08"]
[Round "3"]
[White "Yasarasiltas66"]
[Black "Eraykilic78"]
[Result "0-1"]
[WhiteElo "1620"]
[BlackElo "1763"]
[Annotator "NA RC"]
[PlyCount "90"]
[EventDate "2020.05.08"]
[EventType "swiss (blitz)"]

1. Nf3 {[%emt 0:00:04]} Nf6 {[%emt 0:00:01]} 2. d4 {[%emt 0:00:01]} g6 {[%emt 0:00:02]} 3. e3 {[%emt 0:00:01]} Bg7 {[%emt 0:00:02]} 4. c4 {[%emt 0:00:01]} O-O {[%emt 0:00:02]} 5. Nc3 {[%emt 0:00:02]} d5 {[%emt 0:00:01]} 6. cxd5 {[%emt 0:00:02]} Nxd5 {[%emt 0:00:00]} 7. Be2 {[%emt 0:00:04]} c5 {[%emt 0:00:08]} 8. O-O {[%emt 0:00:06]} cxd4 {[%emt 0:00:01]} 9. exd4 {[%emt 0:00:02]} Nc6 {[%emt 0:00:02]} 10. Be3 {[%emt 0:00:03]} Bf5 {[%emt 0:00:20]} 11. Rc1 {[%emt 0:00:10]} Rc8 {[%emt 0:00:02]} 12. Qb3 {[%emt 0:00:11]} Nb6 {[%emt 0:00:03]} 13. d5 {[%emt 0:00:09]} Na5 {[%emt 0:00:03]} 14. Qb5 {[%emt 0:00:20]} Nac4 {[%emt 0:00:11]} 15. Bxb6 {[%emt 0:00:09]} Nxb6 {[%emt 0:00:03]} 16. Rfd1 {[%emt 0:00:05]} a6 {[%emt 0:00:06]} 17. Qb3 {[%emt 0:00:02]} Qd6 {[%emt 0:00:05]} 18. Bd3 {[%emt 0:00:17]} Bxd3 {[%emt 0:00:06]} 19. Rxd3 {[%emt 0:00:02]} Rfd8 {[%emt 0:00:01]} 20. Rcd1 {[%emt 0:00:02]} Nc4 {[%emt 0:00:18]} 21. Ne4 {[%emt 0:00:51]} Qf4 {[%emt 0:00:04]} 22. Re1 {[%emt 0:00:12]} Nxb2 {[%emt 0:00:12]} 23. Rde3 {[%emt 0:00:02]} Nc4 {[%emt 0:00:03]} 24. R3e2 {[%emt 0:00:02]} b5 {[%emt 0:00:02]} 25. Neg5 {[%emt 0:00:09]} Rxd5 {[%emt 0:00:06]} 26. Rxe7 {[%emt 0:00:09]} Rxg5 {[%emt 0:00:14]} 27. Nxg5 {[%emt 0:00:04]} Qxg5 {[%emt 0:00:02]} 28. Qb4 {[%emt 0:00:06]} Bf8 {[%emt 0:00:10]} 29. Re8 {[%emt 0:00:14]} Rxe8 {[%emt 0:00:01]} 30. Rxe8 {[%emt 0:00:01]} Qc1+ {[%emt 0:00:01]} 31. Re1 {[%emt 0:00:01]} Bxb4 {[%emt 0:00:03]} 32. Rxc1 {[%emt 0:00:01]} a5 {[%emt 0:00:03]} 33. Kf1 {[%emt 0:00:01]} a4 {[%emt 0:00:05]} 34. Ke2 {[%emt 0:00:02]} Kg7 {[%emt 0:00:04]} 35. Rb1 {[%emt 0:00:03] Yasarasiltas66 beraberlik teklif ediyor} Bd6 {[%emt 0:00:19]} 36. Rxb5 {[%emt 0:00:02]} a3 {[%emt 0:00:01]} 37. Rb3 {[%emt 0:00:07]} Kf6 {[%emt 0:00:08]} 38. Kd3 {[%emt 0:00:08]} Nb2+ {[%emt 0:00:04]} 39. Kc2 {[%emt 0:00:02]} Ke6 {[%emt 0:00:02]} 40. Rb5 {[%emt 0:00:03]} Nc4 {[%emt 0:00:05]} 41. Rb3 {[%emt 0:00:03]} Na5 {[%emt 0:00:04]} 42. Re3+ {[%emt 0:00:02]} Kd7 {[%emt 0:00:03]} 43. g3 {[%emt 0:00:01]} Nc6 {[%emt 0:00:02]} 44. Rc3 {[%emt 0:00:02]} Nd4+ {[%emt 0:00:03]} 45. Kc1 {[%emt 0:00:04]} Ne2+ {[%emt 0:00:02] Yasarasiltas66 terk eder (Lag: Av=0.78s, max=1.1s)} 0-1

[Event "Is Bankasi Online Satranc Turn.13-14 Yas"]
[Site "T#645826Mustafa Kemal"]
[Date "2020.05.08"]
[Round "3"]
[White "Yigitemreyilma02"]
[Black "Sinasiatabozku42"]
[Result "1/2-1/2"]
[WhiteElo "1620"]
[BlackElo "1620"]
[Annotator "NA RC"]
[PlyCount "95"]
[EventDate "2020.05.08"]
[EventType "swiss (blitz)"]

1. d4 {[%emt 0:00:05]} c5 {[%emt 0:00:02]} 2. d5 {[%emt 0:00:13]} d6 {[%emt 0:00:03]} 3. c4 {[%emt 0:00:10]} e6 {[%emt 0:00:02]} 4. Nc3 {[%emt 0:00:02]} g6 {[%emt 0:00:03]} 5. e4 {[%emt 0:00:03]} Bg7 {[%emt 0:00:01]} 6. Nf3 {[%emt 0:00:07]} Nf6 {[%emt 0:00:02]} 7. Be2 {[%emt 0:00:10]} O-O {[%emt 0:00:03]} 8. h3 {[%emt 0:00:01]} Qa5 {[%emt 0:00:04]} 9. O-O {[%emt 0:00:04]} exd5 {[%emt 0:00:10]} 10. cxd5 {[%emt 0:00:01]} Qd8 {[%emt 0:00:07]} 11. Nd2 {[%emt 0:00:04]} Nfd7 {[%emt 0:00:03]} 12. Nc4 {[%emt 0:00:03]} Ne5 {[%emt 0:00:06]} 13. Nxe5 {[%emt 0:00:15]} dxe5 {[%emt 0:00:00]} 14. Be3 {[%emt 0:00:02]} b6 {[%emt 0:00:05]} 15. f4 {[%emt 0:00:06]} f5 {[%emt 0:00:06]} 16. fxe5 {[%emt 0:00:04]} Bxe5 {[%emt 0:00:07]} 17. exf5 {[%emt 0:00:06]} Bxf5 {[%emt 0:00:03]} 18. Kh1 {[%emt 0:00:04]} Qh4 {[%emt 0:00:09]} 19. Bg4 {[%emt 0:00:39]} Qg3 {[%emt 0:00:42]} 20. Bg1 {[%emt 0:00:13]} Bxg4 {[%emt 0:00:38]} 21. Rxf8+ {[%emt 0:00:05]} Kxf8 {[%emt 0:00:03]} 22. Qxg4 {[%emt 0:00:01]} Qxg4 {[%emt 0:00:05]} 23. hxg4 {[%emt 0:00:02]} Ke7 {[%emt 0:00:04]} 24. Re1 {[%emt 0:00:10]} Kd6 {[%emt 0:00:17]} 25. Nb5+ {[%emt 0:00:16]} Kxd5 {[%emt 0:00:14]} 26. Rxe5+ {[%emt 0:00:11]} Kxe5 {[%emt 0:00:02]} 27. Nc7 {[%emt 0:00:08]} Kd6 {[%emt 0:00:02]} 28. Nxa8 {[%emt 0:00:01]} Kc6 {[%emt 0:00:05]} 29. Bh2 {[%emt 0:00:02]} Na6 {[%emt 0:00:05]} 30. Kg1 {[%emt 0:00:26]} Kb7 {[%emt 0:00:02]} 31. Nxb6 {[%emt 0:00:01]} axb6 {[%emt 0:00:01]} 32. Kf1 {[%emt 0:00:01]} Kc6 {[%emt 0:00:01]} 33. Ke2 {[%emt 0:00:01]} Nb4 {[%emt 0:00:03]} 34. a3 {[%emt 0:00:01]} Nd5 {[%emt 0:00:05]} 35. Kd3 {[%emt 0:00:03]} Nf6 {[%emt 0:00:03]} 36. g5 {[%emt 0:00:02]} Ng4 {[%emt 0:00:05]} 37. Bf4 {[%emt 0:00:03]} Nf2+ {[%emt 0:00:07]} 38. Ke2 {[%emt 0:00:02]} Ne4 {[%emt 0:00:02]} 39. Kd3 {[%emt 0:00:01]} Nf2+ {[%emt 0:00:02]} 40. Kd2 {[%emt 0:00:02]} Ne4+ {[%emt 0:00:03]} 41. Ke3 {[%emt 0:00:01]} Kd5 {[%emt 0:00:02]} 42. Bc7 {[%emt 0:00:04]} b5 {[%emt 0:00:02]} 43. Ba5 {[%emt 0:00:01]} c4 {[%emt 0:00:03]} 44. Bd8 {[%emt 0:00:03]} Ke5 {[%emt 0:00:03]} 45. Bc7+ {[%emt 0:00:05]} Kd5 {[%emt 0:00:03]} 46. Bd8 {[%emt 0:00:01]} Ke5 {[%emt 0:00:02]} 47. Bc7+ {[%emt 0:00:01]} Kd5 {[%emt 0:00:01]} 48. Bd8 {[%emt 0:00:03] (Lag: Av=0.70s, max=1.1s)} 1/2-1/2

[Event "Is Bankasi Online Satranc Turn.13-14 Yas"]
[Site "T#645826Mustafa Kemal"]
[Date "2020.05.08"]
[Round "3"]
[White "Yigitkizilcaog54"]
[Black "Mustafakaratas16"]
[Result "0-1"]
[WhiteElo "1620"]
[BlackElo "1483"]
[Annotator "NA RC"]
[PlyCount "54"]
[EventDate "2020.05.08"]
[EventType "swiss (blitz)"]

1. e4 {[%emt 0:00:03]} e5 {[%emt 0:00:01]} 2. Nf3 {[%emt 0:00:01]} Nc6 {[%emt 0:00:02]} 3. Bc4 {[%emt 0:00:02]} Nf6 {[%emt 0:00:02]} 4. Nc3 {[%emt 0:00:02]} Nb4 {[%emt 0:00:04]} 5. O-O {[%emt 0:00:04]} d5 {[%emt 0:00:04]} 6. exd5 {[%emt 0:00:06]} Nfxd5 {[%emt 0:00:02]} 7. Nxd5 {[%emt 0:00:07]} Nxd5 {[%emt 0:00:01]} 8. Nxe5 {[%emt 0:00:08]} f6 {[%emt 0:00:06]} 9. Nf3 {[%emt 0:00:10]} c6 {[%emt 0:00:05]} 10. d4 {[%emt 0:00:04]} b5 {[%emt 0:00:02]} 11. Bd3 {[%emt 0:00:04]} h5 {[%emt 0:00:03]} 12. b3 {[%emt 0:00:07]} g5 {[%emt 0:00:02]} 13. c4 {[%emt 0:00:01]} bxc4 {[%emt 0:00:02]} 14. bxc4 {[%emt 0:00:01]} Nb6 {[%emt 0:00:00]} 15. c5 {[%emt 0:00:01]} Nd7 {[%emt 0:00:04]} 16. Nd2 {[%emt 0:00:10]} g4 {[%emt 0:00:03]} 17. Nc4 {[%emt 0:00:06]} Nb8 {[%emt 0:00:02]} 18. Qe2+ {[%emt 0:00:03]} Be7 {[%emt 0:00:10]} 19. Nd6+ {[%emt 0:00:06]} Kf8 {[%emt 0:00:11]} 20. Nf5 {[%emt 0:00:15]} Bxf5 {[%emt 0:00:04]} 21. Bxf5 {[%emt 0:00:02]} Qxd4 {[%emt 0:00:06]} 22. Rd1 {[%emt 0:00:06]} Qxa1 {[%emt 0:00:06]} 23. Qe6 {[%emt 0:00:07]} Qe5 {[%emt 0:00:12]} 24. Qc8+ {[%emt 0:00:07]} Kg7 {[%emt 0:00:04]} 25. Qb7 {[%emt 0:00:11]} Rd8 {[%emt 0:00:07]} 26. Bc2 {[%emt 0:00:21]} Rxd1+ {[%emt 0:00:04]} 27. Bxd1 {[%emt 0:00:02]} Qe1# {[%emt 0:00:02] (Lag: Av=0.88s, max=1.3s)} 0-1

[Event "Is Bankasi Online Satranc Turn.13-14 Yas"]
[Site "T#645826Mustafa Kemal"]
[Date "2020.05.08"]
[Round "3"]
[White "toprakaker32"]
[Black "Efehanbasaran68"]
[Result "0-1"]
[WhiteElo "1620"]
[BlackElo "1573"]
[Annotator "NA RC"]
[PlyCount "34"]
[EventDate "2020.05.08"]
[EventType "swiss (blitz)"]

1. e4 {[%emt 0:00:01]} e5 {[%emt 0:00:02]} 2. Nf3 {[%emt 0:00:01]} Nf6 {[%emt 0:00:02]} 3. Nxe5 {[%emt 0:00:03]} Nc6 {[%emt 0:00:01]} 4. Nxc6 {[%emt 0:00:02]} dxc6 {[%emt 0:00:00]} 5. Nc3 {[%emt 0:00:00]} Bc5 {[%emt 0:00:01]} 6. Bc4 {[%emt 0:00:01]} Ng4 {[%emt 0:00:02]} 7. O-O {[%emt 0:00:04]} Qh4 {[%emt 0:00:02]} 8. Bxf7+ {[%emt 0:00:23]} Kxf7 {[%emt 0:00:04]} 9. Qf3+ {[%emt 0:00:01]} Ke8 {[%emt 0:00:02]} 10. h3 {[%emt 0:00:02]} Bd6 {[%emt 0:00:26]} 11. d4 {[%emt 0:00:12]} Nh2 {[%emt 0:00:04]} 12. Qe2 {[%emt 0:00:23]} Nxf1 {[%emt 0:00:03]} 13. Kxf1 {[%emt 0:00:00]} Bb4 {[%emt 0:00:18]} 14. Bd2 {[%emt 0:00:05]} Rf8 {[%emt 0:00:08]} 15. d5 {[%emt 0:00:11]} b6 {[%emt 0:00:16]} 16. dxc6 {[%emt 0:00:09]} Ba6 {[%emt 0:00:02]} 17. Qxa6 {[%emt 0:00:06]} Qxf2# {[%emt 0:00:02] (Lag: Av=1.18s, max=1.8s)} 0-1

[Event "Is Bankasi Online Satranc Turn.13-14 Yas"]
[Site "T#645826Mustafa Kemal"]
[Date "2020.05.08"]
[Round "3"]
[White "tunckucuknane94"]
[Black "Ruzgarkemalvay82"]
[Result "1-0"]
[WhiteElo "1620"]
[BlackElo "1434"]
[Annotator "NA RC"]
[PlyCount "41"]
[EventDate "2020.05.08"]
[EventType "swiss (blitz)"]

1. e4 {[%emt 0:00:02]} e5 {[%emt 0:00:02]} 2. Nf3 {[%emt 0:00:02]} Nc6 {[%emt 0:00:02]} 3. d4 {[%emt 0:00:01]} exd4 {[%emt 0:00:09]} 4. Bc4 {[%emt 0:00:01]} h6 {[%emt 0:00:16]} 5. Nxd4 {[%emt 0:00:07]} h5 {[%emt 0:00:00]} 6. Qf3 {[%emt 0:00:19]} Qe7 {[%emt 0:00:06]} 7. Nf5 {[%emt 0:00:09]} Qf6 {[%emt 0:00:11]} 8. Nc3 {[%emt 0:00:26]} Bd6 {[%emt 0:00:15]} 9. Nd5 {[%emt 0:00:04]} Qg6 {[%emt 0:00:11]} 10. Nxd6+ {[%emt 0:00:34]} cxd6 {[%emt 0:00:05]} 11. Nc7+ {[%emt 0:00:09]} Kd8 {[%emt 0:00:01]} 12. Nxa8 {[%emt 0:00:06]} Nf6 {[%emt 0:00:04]} 13. O-O {[%emt 0:00:13]} Nd4 {[%emt 0:00:07]} 14. Qc3 {[%emt 0:00:06]} Ne6 {[%emt 0:00:09]} 15. Bxe6 {[%emt 0:00:04]} dxe6 {[%emt 0:00:11]} 16. Qc7+ {[%emt 0:00:03]} Ke8 {[%emt 0:00:04]} 17. Qxc8+ {[%emt 0:00:02]} Ke7 {[%emt 0:00:01]} 18. Nc7 {[%emt 0:00:05]} Nd7 {[%emt 0:00:04]} 19. Qxh8 {[%emt 0:00:05]} e5 {[%emt 0:00:12]} 20. Qe8+ {[%emt 0:00:03]} Kf6 {[%emt 0:00:02]} 21. Nd5# {[%emt 0:00:02] (Lag: Av=0.44s, max=0.7s)} 1-0

[Event "Is Bankasi Online Satranc Turn.13-14 Yas"]
[Site "T#645826Mustafa Kemal"]
[Date "2020.05.08"]
[Round "3"]
[White "Sinancanaltay20"]
[Black "Efekucuknane86"]
[Result "1-0"]
[WhiteElo "1592"]
[BlackElo "1620"]
[Annotator "NA RC"]
[PlyCount "73"]
[EventDate "2020.05.08"]
[EventType "swiss (blitz)"]

1. e4 {[%emt 0:00:06]} e6 {[%emt 0:00:08]} 2. d4 {[%emt 0:00:08]} d5 {[%emt 0:00:02]} 3. exd5 {[%emt 0:00:02]} exd5 {[%emt 0:00:02]} 4. c4 {[%emt 0:00:04]} Nf6 {[%emt 0:00:08]} 5. Nc3 {[%emt 0:00:02]} Be7 {[%emt 0:00:05]} 6. Nf3 {[%emt 0:00:05]} c6 {[%emt 0:00:04]} 7. cxd5 {[%emt 0:00:03]} Nxd5 {[%emt 0:00:05]} 8. Bc4 {[%emt 0:00:04]} O-O {[%emt 0:00:04]} 9. O-O {[%emt 0:00:04]} Bg4 {[%emt 0:00:11]} 10. h3 {[%emt 0:00:05]} Bh5 {[%emt 0:00:03]} 11. Qb3 {[%emt 0:00:10]} Bxf3 {[%emt 0:00:07]} 12. gxf3 {[%emt 0:00:03]} Nb6 {[%emt 0:01:00]} 13. Bf4 {[%emt 0:00:08]} N8d7 {[%emt 0:00:05]} 14. Ne4 {[%emt 0:00:23]} Nxc4 {[%emt 0:00:05]} 15. Qxc4 {[%emt 0:00:03]} Nf6 {[%emt 0:00:01]} 16. Be5 {[%emt 0:00:12]} Nd5 {[%emt 0:00:09]} 17. Nc5 {[%emt 0:00:17]} Bxc5 {[%emt 0:00:12]} 18. dxc5 {[%emt 0:00:03]} Qg5+ {[%emt 0:00:16]} 19. Bg3 {[%emt 0:00:04]} f5 {[%emt 0:00:04]} 20. f4 {[%emt 0:00:11]} Qf6 {[%emt 0:00:18]} 21. Qb3 {[%emt 0:00:08]} Rab8 {[%emt 0:00:06]} 22. Rad1 {[%emt 0:00:06]} Kh8 {[%emt 0:00:03]} 23. Rd2 {[%emt 0:00:11]} b6 {[%emt 0:00:03]} 24. cxb6 {[%emt 0:00:15]} axb6 {[%emt 0:00:02]} 25. Rc1 {[%emt 0:00:06]} Ne7 {[%emt 0:00:17]} 26. Qf3 {[%emt 0:00:12]} Nd5 {[%emt 0:00:05]} 27. Rdc2 {[%emt 0:00:07]} Rfc8 {[%emt 0:00:02]} 28. Qxd5 {[%emt 0:00:06]} cxd5 {[%emt 0:00:08]} 29. Rxc8+ {[%emt 0:00:02]} Qd8 {[%emt 0:00:01]} 30. Rxd8+ {[%emt 0:00:03]} Rxd8 {[%emt 0:00:00]} 31. f3 {[%emt 0:00:01]} d4 {[%emt 0:00:01]} 32. Be1 {[%emt 0:00:01]} d3 {[%emt 0:00:03]} 33. Rc6 {[%emt 0:00:04]} d2 {[%emt 0:00:02]} 34. Bxd2 {[%emt 0:00:01]} Kg8 {[%emt 0:00:02]} 35. Bc3 {[%emt 0:00:04]} Rd1+ {[%emt 0:00:01]} 36. Kg2 {[%emt 0:00:03]} Rd8 {[%emt 0:00:05]} 37. Rxb6 {[%emt 0:00:02] Efekucuknane86 terk eder (Lag: Av=0.32s, max=1.6s)} 1-0

[Event "Is Bankasi Online Satranc Turn.13-14 Yas"]
[Site "T#645826Mustafa Kemal"]
[Date "2020.05.08"]
[Round "3"]
[White "Ardahanyigitag24"]
[Black "aktantugolbaev96"]
[Result "0-1"]
[WhiteElo "1503"]
[BlackElo "1673"]
[Annotator "NA RC"]
[PlyCount "44"]
[EventDate "2020.05.08"]
[EventType "swiss (blitz)"]

1. e4 {[%emt 0:00:03]} e6 {[%emt 0:00:02]} 2. Nf3 {[%emt 0:00:02]} d5 {[%emt 0:00:01]} 3. exd5 {[%emt 0:00:02]} exd5 {[%emt 0:00:01]} 4. Qe2+ {[%emt 0:00:01]} Be7 {[%emt 0:00:04]} 5. g4 {[%emt 0:00:08]} Be6 {[%emt 0:00:05]} 6. Bh3 {[%emt 0:00:06]} Qd7 {[%emt 0:00:09]} 7. Nd4 {[%emt 0:00:25]} h6 {[%emt 0:00:17]} 8. Nxe6 {[%emt 0:00:02]} Qxe6 {[%emt 0:00:06]} 9. Qxe6 {[%emt 0:00:02]} fxe6 {[%emt 0:00:01]} 10. g5 {[%emt 0:00:03]} e5 {[%emt 0:00:12]} 11. Be6 {[%emt 0:00:06]} Bxg5 {[%emt 0:00:07]} 12. Bxd5 {[%emt 0:00:11]} c6 {[%emt 0:00:01]} 13. Be6 {[%emt 0:00:03]} Ke7 {[%emt 0:00:05]} 14. Bxg8 {[%emt 0:00:03]} Rxg8 {[%emt 0:00:02]} 15. h4 {[%emt 0:00:00]} Bf4 {[%emt 0:00:02]} 16. Nc3 {[%emt 0:00:12]} Nd7 {[%emt 0:00:03]} 17. Ne2 {[%emt 0:00:02]} Rae8 {[%emt 0:00:08]} 18. Nxf4 {[%emt 0:00:02]} exf4 {[%emt 0:00:02]} 19. d3 {[%emt 0:00:01]} Kf6+ {[%emt 0:00:03]} 20. Kd2 {[%emt 0:00:06]} Ne5 {[%emt 0:00:23]} 21. Re1 {[%emt 0:00:04]} Nf3+ {[%emt 0:00:02]} 22. Kd1 {[%emt 0:00:09]} Rxe1# {[%emt 0:00:02] (Lag: Av=1.35s, max=5.4s)} 0-1

[Event "Is Bankasi Online Satranc Turn.13-14 Yas"]
[Site "T#645826Mustafa Kemal"]
[Date "2020.05.08"]
[Round "3"]
[White "Eminefeasci04"]
[Black "Anilalabas22"]
[Result "0-1"]
[WhiteElo "1500"]
[BlackElo "1620"]
[Annotator "NA RC"]
[PlyCount "68"]
[EventDate "2020.05.08"]
[EventType "swiss (blitz)"]

1. Nf3 {[%emt 0:00:04]} d5 {[%emt 0:00:02]} 2. d4 {[%emt 0:00:02]} Nf6 {[%emt 0:00:01]} 3. g3 {[%emt 0:00:01]} g6 {[%emt 0:00:03]} 4. Bg2 {[%emt 0:00:01]} Bg7 {[%emt 0:00:00]} 5. O-O {[%emt 0:00:02]} O-O {[%emt 0:00:01]} 6. c3 {[%emt 0:00:08]} c5 {[%emt 0:00:04]} 7. dxc5 {[%emt 0:00:07]} Nc6 {[%emt 0:00:03]} 8. Bg5 {[%emt 0:00:04]} h6 {[%emt 0:00:02]} 9. Bc1 {[%emt 0:00:14]} e5 {[%emt 0:00:05]} 10. Na3 {[%emt 0:00:09]} Qe7 {[%emt 0:00:14]} 11. b4 {[%emt 0:00:17]} a6 {[%emt 0:00:08]} 12. Bb2 {[%emt 0:00:05]} e4 {[%emt 0:00:13]} 13. Nd2 {[%emt 0:00:09]} a5 {[%emt 0:00:08]} 14. Nc2 {[%emt 0:00:17]} axb4 {[%emt 0:00:21]} 15. cxb4 {[%emt 0:00:00]} b6 {[%emt 0:00:01]} 16. cxb6 {[%emt 0:00:03]} Nxb4 {[%emt 0:00:02]} 17. Nxb4 {[%emt 0:00:04]} Qxb4 {[%emt 0:00:00]} 18. Qc2 {[%emt 0:00:25]} Qxb6 {[%emt 0:00:05]} 19. Rfb1 {[%emt 0:00:08]} Qd6 {[%emt 0:00:08]} 20. Qb3 {[%emt 0:00:09]} Be6 {[%emt 0:00:03]} 21. a4 {[%emt 0:00:06]} d4 {[%emt 0:00:14]} 22. Qc2 {[%emt 0:00:12]} d3 {[%emt 0:00:22]} 23. exd3 {[%emt 0:00:03]} exd3 {[%emt 0:00:00]} 24. Qc1 {[%emt 0:00:05]} Rac8 {[%emt 0:00:02]} 25. Qe1 {[%emt 0:00:09]} Rfe8 {[%emt 0:00:03]} 26. Qd1 {[%emt 0:00:07]} Nd5 {[%emt 0:00:14]} 27. Bxg7 {[%emt 0:00:04]} Kxg7 {[%emt 0:00:01]} 28. Ne4 {[%emt 0:00:04]} Qa6 {[%emt 0:00:14]} 29. Bf1 {[%emt 0:00:09]} Nc3 {[%emt 0:00:05]} 30. Bxd3 {[%emt 0:00:15]} Qa8 {[%emt 0:00:11]} 31. Qf3 {[%emt 0:00:16]} Bd5 {[%emt 0:00:06]} 32. Qf6+ {[%emt 0:00:02]} Kg8 {[%emt 0:00:06]} 33. Nd6 {[%emt 0:00:01]} Bh1 {[%emt 0:00:09]} 34. Qxf7+ {[%emt 0:00:01]} Kh8 {[%emt 0:00:03] Time (Lag: Av=0.48s, max=0.8s)} 0-1

[Event "Is Bankasi Online Satranc Turn.13-14 Yas"]
[Site "T#645826Mustafa Kemal"]
[Date "2020.05.08"]
[Round "3"]
[White "Abdullahbatura90"]
[Black "Ziyaakyol54"]
[Result "1-0"]
[WhiteElo "1491"]
[BlackElo "1266"]
[Annotator "NA RC"]
[PlyCount "47"]
[EventDate "2020.05.08"]
[EventType "swiss (blitz)"]

1. e4 {[%emt 0:00:02]} c5 {[%emt 0:00:00]} 2. Nf3 {[%emt 0:00:01]} Nc6 {[%emt 0:00:02]} 3. d4 {[%emt 0:00:01]} e6 {[%emt 0:00:03]} 4. d5 {[%emt 0:00:03]} exd5 {[%emt 0:00:13]} 5. exd5 {[%emt 0:00:00]} Nce7 {[%emt 0:00:03]} 6. Qe2 {[%emt 0:00:06]} d6 {[%emt 0:00:06]} 7. Nc3 {[%emt 0:00:03]} Bg4 {[%emt 0:00:05]} 8. h3 {[%emt 0:00:03]} Bxf3 {[%emt 0:00:02]} 9. Qxf3 {[%emt 0:00:00]} Nf6 {[%emt 0:00:01]} 10. Bd3 {[%emt 0:00:07]} Qa5 {[%emt 0:00:10]} 11. O-O {[%emt 0:00:11]} O-O-O {[%emt 0:00:24]} 12. a3 {[%emt 0:00:24]} Ng6 {[%emt 0:00:12]} 13. Bd2 {[%emt 0:00:11]} Qc7 {[%emt 0:00:04]} 14. Nb5 {[%emt 0:00:04]} Qe7 {[%emt 0:00:05]} 15. Nxa7+ {[%emt 0:00:02]} Kb8 {[%emt 0:00:02]} 16. Nb5 {[%emt 0:00:04]} h6 {[%emt 0:00:24]} 17. a4 {[%emt 0:00:06]} Ne5 {[%emt 0:00:08]} 18. Qe2 {[%emt 0:00:08]} Nxd3 {[%emt 0:00:07]} 19. Qxd3 {[%emt 0:00:03]} g6 {[%emt 0:00:12]} 20. a5 {[%emt 0:00:02]} Rc8 {[%emt 0:00:07]} 21. a6 {[%emt 0:00:07]} bxa6 {[%emt 0:00:08]} 22. Rxa6 {[%emt 0:00:03]} c4 {[%emt 0:00:05]} 23. Qa3 {[%emt 0:00:02]} Kb7 {[%emt 0:00:29]} 24. Ra7+ {[%emt 0:00:03] Ziyaakyol54 terk eder (Lag: Av=1.10s, max=1.6s)} 1-0